000 00429cam a2200181ua 4500
020 _c10.00
041 _ahin
_h
082 _a891.54
_bSUM/CH
100 _aSumitrananda, Pant.
245 _aChidanbara /
_cSumitranandan pant.
_hTextual Documents
250 _a1 /
_b.
260 _aDelhi :
_bRajkamal Prakashan ,
_c1959.
300 _a354 ; .
365 _a10.00
504 _a
942 _cBK
999 _c8342
_d8342